Historia de la muerte en occidente (Registro nro. 242249)
[ vista simple ]
| 000 -ENCABEZADO | |
|---|---|
| Número de control [NR] | 01048nam a2200277 b 4500 |
| 005 - FECHA Y HORA DE LA ÚLTIMA TRANSACCIÓN | |
| control field | 20141010070213.0 |
| 008 - DE LONGITUD FIJA DE DATOS DE ELEMENTOS - INFORMACIÓN GENERAL | |
| Elementos de longitud fija [NR] | 000825s2000 sp | ||| ||spa |
| 020 ## - NUMERO INTERNACIONAL NORMALIZADO PARA LIBROS [R] | |
| Número Internacional Normalizado del libro [NR] | 8495359170 |
| 040 ## - FUENTE DE CATALOGACION [NR] | |
| Agencia de catalogación original [NR] | CO-BoUCM |
| Idioma de catalogación [NR] | spa |
| Quien Cataloga | Jose A. Gerena |
| Quien Clasifica | Jose A. Gerena |
| 041 1# - CODIGO DE IDIOMA [R] | |
| Código de idioma para texto/pista de sonido o título separado [R] | Español |
| Language code of original and/or intermediate translations of text | fre |
| 100 1# - ASIENTO PRINCIPAL--NOMBRE PERSONAL [NR] | |
| Nombre personal [NR] | Ariès, Philippe |
| ID Autoridad | 65165 |
| Fechas asociadas con el nombre [NR] | 1914-1984 |
| 245 10 - MENCION DE TITULO [NR] | |
| Título [NR] | Historia de la muerte en occidente |
| Parte restante del título [NR] | desde la edad media hasta nuestros días |
| Mención de responsabilidad, etc. [NR] | Philippe Ariès ; traducción de Francisco Carbajo y Richard Perrin |
| 260 ## - PUBLICACION, DISTRIBUCION, ETC. (PIE DE IMPRENTA) [R] | |
| Lugar de publicación, distribución, etc. [R] | Barcelona (España) |
| Nombre del editor, distribuidor, etc. [R] | El Acantilado |
| Fecha de publicación, distribución, etc. [R] | 2000 |
| 300 ## - DESCRIPCION FISICA [R] | |
| Extensión [R] | 301 páginas |
| 490 1# - MENCION DE SERIE [R] | |
| Mención de serie [R] | El Acantilado |
| Designación numérica/secuencial del volumen [NR] | 28 |
| 650 #7 - ASIENTO SECUNDARIO DE MATERIA - TERMINO TEMATICO [R] | |
| Término temático o nombre geográfico como elemento de entrada [NR] | Ritos y ceremonias fúnebres |
| 9 (RLIN) | 23829 |
| 650 #7 - ASIENTO SECUNDARIO DE MATERIA - TERMINO TEMATICO [R] | |
| Término temático o nombre geográfico como elemento de entrada [NR] | Muerte |
| 9 (RLIN) | 19861 |
| 650 #7 - ASIENTO SECUNDARIO DE MATERIA - TERMINO TEMATICO [R] | |
| Término temático o nombre geográfico como elemento de entrada [NR] | Muerte |
| 9 (RLIN) | 19861 |
| Subdivisión general [R] | Aspectos sociales |
| 650 #7 - ASIENTO SECUNDARIO DE MATERIA - TERMINO TEMATICO [R] | |
| Término temático o nombre geográfico como elemento de entrada [NR] | Filosofía de la muerte |
| 9 (RLIN) | 15768 |
| 690 ## - ASUNTO AGREGADO LOCAL DE ENTRADA - TÉRMINO TEMÁTICO (OCLC, RLIN) | |
| 9 (RLIN) | 42814 |
| Acceso temático local | Filosofía |
| 700 1# - ASIENTO SECUNDARIO - NOMBRE PERSONAL [R] | |
| Nombre personal [NR] | Carbajo, Francisco |
| Término de relación [R] | traductor |
| 9 (RLIN) | 65168 |
| 700 1# - ASIENTO SECUNDARIO - NOMBRE PERSONAL [R] | |
| Nombre personal [NR] | Perrin, Richard |
| Término de relación [R] | traductor |
| 9 (RLIN) | 65169 |
| 765 1# - ASIENTO DE IDIOMA ORIGINAL [R] | |
| Título [NR] | Essais sur l'histoire de la mort en Occident |
| 942 ## - ELEMENTOS DE ENTRADA AGREGADOS (KOHA) | |
| Sistema de clasificación | LOCAL |
| Tema principal | Filosofía |
| Tipo de ítem principal el descrito en 300a | Libro |
| Edición | 1 |
| Clasificación | 128.5 |
| Parte restante de la signatura top. | A698 |
| Fecha de último préstamo | Total préstamos | Total Renewals | Signatura topográfica | Código de barras | Última vez visto | Ejemplar | Costo de reposición | Price effective from | Tipo de ítem | Perdido | Sistema de clasificación | Dañado | No prestable | Tipo de ítem específico | Suprimido | Ubicación habitual | Ubicación actual | Localización | Fecha de creación | Proveedor | Forma de adquisición | Costo |
|---|---|---|---|---|---|---|---|---|---|---|---|---|---|---|---|---|---|---|---|---|---|---|
| 06/04/2026 | 5 | 1 | 128.5 A698 | 100143689 | 15/04/2026 | Ej.1 | 53200.00 | 09/10/2014 | Libro | DEWEY | Libro | Claustro | Claustro | 2do piso | 09/10/2014 | 15 | Compra | 54370.00 | ||||
| 22/04/2025 | 11 | 10 | 128.5 A698 | 100143697 | 05/12/2025 | Ej.2 | 53200.00 | 09/10/2014 | Libro | DEWEY | Libro | Claustro | Claustro | 2do piso | 09/10/2014 | 15 | Compra | 54370.00 |